00494nam a2200157Ia 450000500170000000800410001702000150005808200130007324501000008626000690018630000120025565000210026765000180028865000130030670000170031920240606023506.0240331s9999 xx 000 0 und d a1895573009 bTOWa362 0aTowards equal access :ba handbook for service providers working with survivors of wife assault aOttawabImmigration & Visible Minority Women Against Abusec1991 a176 p., aImmigrant Women aWife Assault  aEquality aRafiq, F. ed